=LDR 00000nam 2200000 4500 =001 INLIS000000000036002 =005 20130612141819 =008 ***********************************Ind** =035 ##$$0010-061300000036002 =041 ##$$a Ind =082 ##$$a 636.5 =090 ##$$a 636.5, Tak l =100 ##$$a Takarina,Enny Purbani =245 ##$$a Longyam, budi daya ikan bersama ayam, Enny purbani takarina =260 ##$$a 2003 $b =300 ##$$aaJakarta =850 ##$$a v 50 hlm, ilus, 23 cm